MARC details
| 000 -LEADER |
| campo de control de longitud fija |
03591cam a2200433 i 4500 |
| 003 - IDENTIFICADOR DE NÚMERO DE CONTROL |
| campo de control |
BJBSDDR |
| 005 - FECHA Y HORA DE LA ÚLTIMA TRANSACCIÓN |
| campo de control |
20250805120558.0 |
| 007 - CAMPO FIJO DE DESCRIPCIÓN FÍSICA--INFORMACIÓN GENERAL |
| campo de control de longitud fija |
ta |
| 008 - DATOS DE LONGITUD FIJA--INFORMACIÓN GENERAL |
| campo de control de longitud fija |
150528s2016 enk b 001 0 eng c |
| 020 ## - NÚMERO INTERNACIONAL ESTÁNDAR DEL LIBRO |
| Número Internacional Estándar del Libro |
9781405156257 |
| 020 ## - NÚMERO INTERNACIONAL ESTÁNDAR DEL LIBRO |
| Número Internacional Estándar del Libro |
1405156252 |
| 020 ## - NÚMERO INTERNACIONAL ESTÁNDAR DEL LIBRO |
| Número Internacional Estándar del Libro |
9781119130703 |
| 020 ## - NÚMERO INTERNACIONAL ESTÁNDAR DEL LIBRO |
| Número Internacional Estándar del Libro |
1119130700 |
| 040 ## - FUENTE DE CATALOGACIÓN |
| Centro catalogador/agencia de origen |
WaSeSS/DLC |
| Lengua de catalogación |
eng |
| Centro/agencia transcriptor |
WaSeSS |
| 041 ## - CÓDIGO DE IDIOMA |
| Código de lengua del texto/banda sonora o título independiente |
eng |
| 043 ## - CÓDIGO DE ÁREA GEOGRÁFICA |
| Código de área geográfica |
n-us--- |
| 050 14 - SIGNATURA TOPOGRÁFICA DE LA BIBLIOTECA DEL CONGRESO |
| Número de clasificación |
Q 127 |
| Número de ítem |
C737 2016 |
| 082 00 - NÚMERO DE LA CLASIFICACIÓN DECIMAL DEWEY |
| Número de clasificación |
509.73 |
| 245 02 - MENCIÓN DEL TÍTULO |
| Título |
A companion to the history of American science / |
| Mención de responsabilidad, etc. |
edited by Georgina M. Montgomery and Mark A. Largent. |
| 264 #1 - PRODUCCIÓN, PUBLICACIÓN, DISTRIBUCIÓN, FABRICACIÓN Y COPYRIGHT |
| Producción, publicación, distribución, fabricación y copyright |
Hoboken, New Jersey ; |
| -- |
Malden, MA : |
| Nombre del de productor, editor, distribuidor, fabricante |
Wiley Blackwell, |
| Fecha de producción, publicación, distribución, fabricación o copyright |
2016. |
| 300 ## - DESCRIPCIÓN FÍSICA |
| Extensión |
xvii, 692 pages ; |
| Dimensiones |
25 cm. |
| 336 ## - TIPO DE CONTENIDO |
| Término de tipo de contenido |
text |
| Fuente |
rdacontent |
| 337 ## - TIPO DE MEDIO |
| Nombre/término del tipo de medio |
unmediated |
| Fuente |
rdamedia |
| 338 ## - TIPO DE SOPORTE |
| Nombre/término del tipo de soporte |
volume |
| Fuente |
rdacarrier |
| 490 1# - MENCIÓN DE SERIE |
| Mención de serie |
Wiley Blackwell companions to American history |
| 504 ## - NOTA DE BIBLIOGRAFÍA, ETC. |
| Nota de bibliografía, etc. |
Includes bibliographical references (pages [566]-665) and index. |
| 505 0# - NOTA DE CONTENIDO CON FORMATO |
| Nota de contenido con formato |
Agricultural sciences / Samantha Noll -- Anthropology / Adrian Young -- Astronomy and astrophysics / Peter J. Susalla -- Chemistry / Ann E. Robinson -- Computer science / Stephanie Dick -- Conservation biology / Christian C. Young -- Economics / Ross B. Emmett -- Experimental psychology / Jim Wynter Porter -- Genetics / Melinda Gormley -- Geophysics / Matthew Shindell -- Marine biology / Samantha Muka -- Medical genetics / Andrew J. Hogan -- Metrology and atmospheric science / James Bergman -- Molecular and cellular biology / Lijing Jiang -- Nuclear, high energy, and solid state physics / Joseph D. Martin -- Nutrition / Jessica Mudry -- Paleoanthropology / Matthew R. Goodrum -- Paleontology / Paul D. Brinkman -- Ecology / Gina Rumore -- Sociobiology and evolutionary psychology / Abraham H. Gibson and Michael Ruse -- Sociology / Sebastián Gil-Riaño -- Space and planetary sciences / Erik M. Conway -- Biotechnology / Nathan Crowe -- Darwinism / Adam M. Goldstein -- Science education / Adam R. Shapiro -- Environmental science / Daniel Zizzamia -- The american eugenics movement / Christine Neejer -- Evolution and creation debates / Arthur Ward -- Field and laboratory / Jeremy Vetter -- Gender and science / Donald L. Opitz -- The germ theory / Jacob Steere-Williams -- Instruments / Sara J. Schechner -- Science and literature / Stephan Rachman -- Museums / Amy Kohout -- Natural history / Pamela M. Henson -- Nature study / Sally Gregory Kohlstedt -- Science and policy / Kevin C. Elliot -- Popularizing science / Constance Areson Clark -- Science and postcolonialism / Banu Subramanian -- Racial science / Robert Bernasconi -- Relativity in america, daniel kennefick -- Science and religion / Mark A. Waddell -- Sex and science / Miriam G. Ruemann -- Zoos and aquariums / Christian C. Young. |
| 520 ## - RESUMEN, ETC. |
| Sumario, etc. |
A Companion to the History of American Science offers a collection of essays that give an authoritative overview of the most recent scholarship on the history of American science. |
| 650 #0 - PUNTO DE ACCESO ADICIONAL DE MATERIA--TÉRMINO DE MATERIA |
| Término de materia o nombre geográfico como elemento de entrada |
Ciencia |
| Subdivisión general |
Filosofía |
| Subdivisión geográfica |
United States |
| 9 (RLIN) |
97 |
| 650 #0 - PUNTO DE ACCESO ADICIONAL DE MATERIA--TÉRMINO DE MATERIA |
| Término de materia o nombre geográfico como elemento de entrada |
Ciencia |
| Subdivisión general |
Filosofía |
| 9 (RLIN) |
97 |
| 700 1# - ENTRADA AGREGADA--NOMBRE PERSONAL |
| Nombre de persona |
Montgomery, Georgina M. |
| Término indicativo de función/relación |
editor |
| 9 (RLIN) |
31229 |
| 700 1# - ENTRADA AGREGADA--NOMBRE PERSONAL |
| Nombre de persona |
Largent, Mark A. |
| Término indicativo de función/relación |
editor |
| 9 (RLIN) |
31232 |
| 776 08 - ENTRADA DE FORMULARIO FÍSICO ADICIONAL |
| Información de relación |
Online version: |
| Título |
Companion to the history of American science |
| Lugar, editor y fecha de publicación |
Chichester, UK : John Wiley & Sons, 2015 |
| Número Internacional Estándar del Libro |
9781119072225 |
| Número de control del registro |
(DLC) 2015022886 |
| 830 #0 - PUNTO DE ACCESO ADICIONAL DE SERIE-TÍTULO UNIFORME |
| Título uniforme |
Wiley-Blackwell companions to American history |
| 9 (RLIN) |
32560 |
| 906 ## - ELEMENTOS DE DATOS F LOCAL, LDF (RLIN) |
| a |
7 |
| b |
cbc |
| c |
orignew |
| d |
1 |
| e |
ecip |
| f |
20 |
| g |
y-gencatlg |
| 942 ## - ELEMENTOS DE ENTRADA SECUNDARIOS (KOHA) |
| Fuente del sistema de clasificación o colocación |
Clasificación de Library of Congress |
| Tipo de ítem Koha |
Libro |
| 946 ## - PROCESAMIENTO DE INFORMACIÓN LOCAL (OCLC) |
| Iniciales del agente catalogador |
sba |